000
00297nam a22001337a 4500
008
181006b xxu||||| |||| 00| 0 eng d
020
_a
9780134409184
041
_a
eng
080
_2
4th
_a
330
100
_a
52
101
_a
MIK
245
_a
Principles of Microeconomics
_c
Case
942
_2
udc
_c
BK
999
_c
48970
_d
48970